| LEADER |
01045nam0a2200217 450 |
| 001 |
16868305 |
| 010 |
|
|
|a 978-2-7316-4309-1
|b cart.
|d 14,5
|
| 100 |
|
|
|a 20180209d2018 u u0frey01 ba
|
| 101 |
0 |
|
|a fre
|
| 102 |
|
|
|a FR
|
| 200 |
0 |
|
|a Fosse du Kamtschatka (La)
|f scénario Christophe Bec
|g dessin Ennio Bufi
|
| 207 |
|
1 |
|a
|
| 215 |
|
|
|a 1 vol. (56 p.)
|c illustrations en couleur
|d 32 x 24 cm
|
| 225 |
1 |
|
|v 07
|
| 330 |
|
|
|a Tomaison. Après avoir découvert les ruines de la cité de Platon, Lou Melville se retrouve à la tête d'une expédition scientifique effectuant des recherches sur les mégalodons. Quant au collectionneur Feiersinger, il l'a désignée comme unique légataire de son héritage. Cependant, la jeune femme dotée de branchies ignore encore tout de ses origines.
|
| 461 |
|
0 |
|t Carthago
|v 07
|
| 700 |
|
0 |
|a Bec
|b Christophe
|4 70
|
| 701 |
|
0 |
|a Bufi
|b Ennio
|4 440
|
| 900 |
|
|
|a Bande dessinée (adultes)
|
| 901 |
|
|
|a Adultes
|
| 995 |
|
|
|a Médiathèque
|c Médiathèque
|f 00156012269080
|h 00156012269080
|k BDA BEC CAR 7
|o p
|q a
|r az
|e Médiathèque
|